Some Kṣatriya tribes of ancient India,

Saved in:
Bibliographic Details
Main Author: Law, Bimala Churn, 1892-1969.
Format: Book
Language:English
Published: Calcutta, University of Calcutta, 1924.
Subjects:
Tags: Add Tag
No Tags, Be the first to tag this record!
LEADER 00883nam a2200229I 4500
001 005697157-5
005 20090712212259.0
008 760920s1924 ii abh 001 0 eng
010 |a  42048515  
035 0 |a ocm02453849 
040 |a DLC  |c KKU  |d HLS 
050 |a DS432.K7  |b L3 1924 
100 1 |a Law, Bimala Churn,  |d 1892-1969. 
245 1 0 |a Some Kṣatriya tribes of ancient India,  |c by Bimala Charan Law with a foreword by A. Berriedale Keith. 
260 |a Calcutta, University of Calcutta,  |c 1924. 
300 |a xix, 303 p.  |b 13 pl. (incl. col. front.) fold. map.  |c 22 cm. 
500 |a "Thesis approved for the degree of doctor of philosophy in the University of Calcutta, 1923." 
500 |a A revision and enlargement of the author's Kṣatriya clans in Buddhist India. cf. Pref. 
504 |a Bibliography : p. [xv]-xix. 
650 0 |a Kshatriyas. 
988 |a 20020608 
906 |0 DLC